Reglas de la vida christiana sacadas literalmente de la sagrada escritura, con algunas breves exposiciónes de los santos padres ...

Detalles Bibliográficos
Formato: Libro
Publicado: Madrid 1791
Materias:
Colección:Banco de datos
Acervo:Biblioteca del Ex Convento de Nuestra Señora de Guadalupe. Zacatecas
Tema general:Ascética
Notas:Buena. XII,12,26 (4390)
LEADER 00706nam a22001810004500
035 |a 45528 
036 |a 6712 
245 1 0 |a Reglas de la vida christiana sacadas literalmente de la sagrada escritura, con algunas breves exposiciónes de los santos padres ... 
260 |a Madrid  |b imp. Benito Cano  |c 1791 
500 |a Buena. XII,12,26 (4390) 
650 1 0 |a Ascética 
949 |a CRZ-CG 
959 |a Ex convento de Nuestra Señora de Guadalupe, Museo Regional de Zacatecas, Zacatecas  |b CCC4 
960 |a Convento de Nuestra Señora de Guadalupe, Zacatecas  |b DD87 
961 |a Franciscana  |b OF 
942 |c CRZ-CG 
943 |g Biblioteca del Ex Convento de Nuestra Señora de Guadalupe. Zacatecas 
999 |c 969655  |d 969655